[Event "ROM-ch op"]
[Site "Sarata Monteoru"]
[Date "2011.02.19"]
[Round "10"]
[White "Ardelean, Rusalim Pavel"]
[Black "Popescu, Stefan Claudiu"]
[Result "0-1"]
[WhiteElo "1851"]
[BlackElo "1988"]
[PlyCount "68"]
[EventDate "2011.02.12"]
[EventType "swiss"]
[EventRounds "11"]
[EventCountry "ROU"]
[SourceTitle "CBM 140 Extra"]
[Source "ChessBase"]
[SourceDate "2011.03.01"]
[SourceVersion "1"]
[SourceVersionDate "2011.03.01"]
[SourceQuality "1"]

1. e4 c5 2. Nf3 a6 3. Nc3 d6 4. d4 cxd4 5. Nxd4 Nf6 6. Bg5 e6 7. Qd2 Be7 8. h4 b5 9. Bd3 Bb7 10. f3 Nbd7 11. 0-0-0 Rc8 12. Kb1 d5 13. exd5 Nxd5 14. Nxd5 Bxd5 15. Nb3 0-0 16. Qf2 Re8 17. Be3 Qc7 18. Rd2 Ne5 19. Be2 Nc4 20. Bxc4 bxc4 21. Nc1 c3 22. Rd3 cxb2 23. Nb3 a5 24. Bb6 Qc4 25. Rd4 Qb5 26. Rg4 f5 27. Rg3 Bd6 28. f4 a4 29. Nd2 Qc6 30. c3 Bxf4 31. Qxf4 Qxb6 32. Qe5 Re7 33. Rf1 Qc5 34. h5 Bxa2+ 0-1

[Event "ROM-ch op"]
[Site "Sarata Monteoru"]
[Date "2011.02.18"]
[Round "9"]
[White "Popescu, Stefan Claudiu"]
[Black "Ionita, Ioan"]
[Result "1-0"]
[WhiteElo "1988"]
[BlackElo "1771"]
[PlyCount "77"]
[EventDate "2011.02.12"]
[EventType "swiss"]
[EventRounds "11"]
[EventCountry "ROU"]
[SourceTitle "EXT 2013"]
[Source "ChessBase"]
[SourceDate "2012.11.22"]
[SourceVersion "1"]
[SourceVersionDate "2012.11.22"]
[SourceQuality "1"]

1. e4 c5 2. Nf3 d6 3. c3 Nf6 4. Be2 Nxe4 5. Qa4+ Nc6 6. Qxe4 a6 7. d4 cxd4 8. cxd4 d5 9. Qc2 g6 10. 0-0 Bg7 11. Re1 0-0 12. Be3 Bf5 13. Qd2 Qb6 14. Nc3 Rfe8 15. Rac1 Rac8 16. Na4 Qa7 17. Nc5 b5 18. h3 Bd7 19. Nxd7 Qxd7 20. Rc5 Rc7 21. Rec1 Rec8 22. a4 Na7 23. Rxc7 Rxc7 24. Rxc7 Qxc7 25. axb5 axb5 26. Qc3 Qb7 27. Ne5 h5 28. Qa5 e6 29. Qd8+ Kh7 30. Qe8 Bxe5 31. dxe5 Nc6 32. Bxb5 Nxe5 33. Bd4 f6 34. Bxe5 fxe5 35. Qd7+ Qxd7 36. Bxd7 d4 37. b4 d3 38. Bxe6 d2 39. Bb3 1-0

[Event "ROM-ch op"]
[Site "Sarata Monteoru"]
[Date "2011.02.17"]
[Round "7"]
[White "Rusu, Vasile"]
[Black "Popescu, Stefan Claudiu"]
[Result "1-0"]
[WhiteElo "1810"]
[BlackElo "1988"]
[PlyCount "83"]
[EventDate "2011.02.12"]
[EventType "swiss"]
[EventRounds "11"]
[EventCountry "ROU"]
[SourceTitle "CBM 140 Extra"]
[Source "ChessBase"]
[SourceDate "2011.03.01"]
[SourceVersion "1"]
[SourceVersionDate "2011.03.01"]
[SourceQuality "1"]

1. e4 e5 2. Nf3 Nc6 3. d4 exd4 4. Nxd4 Nf6 5. Nxc6 bxc6 6. Bd3 Be7 7. 0-0 0-0 8. b3 Re8 9. Bb2 d5 10. exd5 cxd5 11. Nd2 Bg4 12. Qc1 Bb4 13. a3 Ba5 14. b4 Bb6 15. Bb5 Re6 16. Re1 Rxe1+ 17. Qxe1 Qd6 18. Qe5 Bxf2+ 19. Kxf2 Qb6+ 20. Bd4 Qxb5 21. h3 Re8 22. c4 Qd7 23. Qf4 Re2+ 24. Kf1 Ne4 25. hxg4 Rxd2 26. Bxa7 h6 27. cxd5 Qxd5 28. Re1 Nd6 29. Qf3 Qb5+ 30. Kg1 Ra2 31. Bc5 Qd7 32. Rd1 Qe6 33. Rf1 Nc4 34. Qg3 c6 35. Re1 Qd5 36. Qf3 Rxa3 37. Qxd5 cxd5 38. Re8+ Kh7 39. Re7 Kg6 40. Rd7 Ne3 41. b5 Nxg4 42. Bxa3 1-0

[Event "ROM-ch op"]
[Site "Sarata Monteoru"]
[Date "2011.02.13"]
[Round "2"]
[White "Popescu, Stefan Claudiu"]
[Black "Patrascu, Catalin Lucian"]
[Result "1-0"]
[WhiteElo "1988"]
[BlackElo "1821"]
[PlyCount "71"]
[EventDate "2011.02.12"]
[EventType "swiss"]
[EventRounds "11"]
[EventCountry "ROU"]
[SourceTitle "CBM 140 Extra"]
[Source "ChessBase"]
[SourceDate "2011.03.01"]
[SourceVersion "1"]
[SourceVersionDate "2011.03.01"]
[SourceQuality "1"]

1. e4 c5 2. Nf3 g6 3. d4 cxd4 4. Nxd4 Nc6 5. Be3 Bg7 6. Nc3 Nf6 7. f3 0-0 8. Qd2 d6 9. 0-0-0 Bd7 10. g4 a6 11. h4 Rc8 12. h5 Qa5 13. Nb3 Qc7 14. Bh6 Ne5 15. Bxg7 Kxg7 16. Be2 Rh8 17. Nd5 Nxd5 18. exd5 Qb6 19. Nd4 Bb5 20. Qe3 Qc7 21. f4 Bxe2 22. Qxe2 Nc4 23. f5 Ne5 24. fxg6 hxg6 25. hxg6 Nxg6 26. Nf5+ Kg8 27. Rxh8+ Kxh8 28. c3 Kg8 29. Rf1 Kf8 30. Nh6 Ne5 31. Nxf7 Nxf7 32. Qe6 Ke8 33. Qxf7+ Kd8 34. Qe6 Ke8 35. Rh1 Kf8 36. Rh7 1-0

[Event "ROM-chT U18"]
[Site "Mangalia"]
[Date "2007.08.27"]
[Round "3.2"]
[White "Csillag, Istvan"]
[Black "Popescu, Stefan Claudiu"]
[Result "1-0"]
[WhiteElo "1984"]
[BlackElo "1821"]
[PlyCount "83"]
[EventDate "2007.08.26"]
[EventType "tourn"]
[EventRounds "5"]
[EventCountry "ROU"]
[SourceTitle "EXT 2010"]
[Source "ChessBase"]
[SourceDate "2010.11.25"]
[SourceVersion "1"]
[SourceVersionDate "2010.11.25"]
[SourceQuality "1"]

1. d4 Nf6 2. c4 c5 3. e3 e6 4. Nf3 cxd4 5. Nxd4 d5 6. cxd5 Nxd5 7. Be2 Be7 8. 0-0 0-0 9. a3 e5 10. Nf3 Nc6 11. b4 a6 12. Bb2 e4 13. Nd4 Nxd4 14. Bxd4 Kh8 15. Qc2 f5 16. Rd1 Be6 17. Nd2 Bf6 18. Qb2 Bxd4 19. Qxd4 Rc8 20. Bc4 b5 21. Bxd5 Qxd5 22. Qxd5 Bxd5 23. Nf1 Rfd8 24. Ng3 g6 25. Ne2 Bc4 26. Nd4 Bd3 27. Rdc1 Rc4 28. Ne6 Rd6 29. Nc5 Kg7 30. Rd1 Kf7 31. Rd2 a5 32. Nb7 Rdc6 33. Nd8+ Ke7 34. Nxc6+ Rxc6 35. bxa5 Ra6 36. h3 Ra8 37. Rb2 Kf6 38. Kh2 Ra7 39. Rb4 h5 40. h4 Rc7 41. a4 bxa4 42. Raxa4 1-0